000 003950000a22001090004500
090 _aAS
_bSeriadas
245 1 0 _aGénero Therasya Kunth (<Paniceae, Panicoideae, Gramineae>) para Colombia
041 0 _aEspañol
100 1 _aPinto Nolla, Joaquín
_999173
942 _cARTICULO
773 1 _tRevista de la Academia Colombiana de Ciencias Exactas, Fisicas y Naturales
_332
_hSupl. Esp.
_q107-118
_d1999
_g23
999 _c14267
_d14267